रत्निSाकित्सा (भाग 1) (Record no. 309092)

MARC details
000 -LEADER
fixed length control field 00580nam a2200169Ia 4500
008 - FIXED-LENGTH DATA ELEMENTS--GENERAL INFORMATION
fixed length control field 090711s9999 xx 000 0 und d
082 ## - DEWEY DECIMAL CLASSIFICATION NUMBER
Item number 51164
100 ## - MAIN ENTRY--PERSONAL NAME
Personal name कर्णिक रमेश
245 ## - TITLE STATEMENT
Title रत्निSाकित्सा (भाग 1)
260 ## - PUBLICATION, DISTRIBUTION, ETC. (IMPRINT)
Name of publisher, distributor, etc घरकुल प्रकाशन
Date of publication, distribution, etc 1954
300 ## - PHYSICAL DESCRIPTION
Extent 41
600 ## - SUBJECT ADDED ENTRY--PERSONAL NAME
Personal name कर्णिक रमेश
630 ## - SUBJECT ADDED ENTRY--UNIFORM TITLE
Uniform title रत्निSाकित्सा (भाग 1)
700 ## - ADDED ENTRY--PERSONAL NAME
Personal name कर्णिक रमेश
730 ## - ADDED ENTRY--UNIFORM TITLE
Uniform title रत्निSाकित्सा (भाग 1)
942 ## - ADDED ENTRY ELEMENTS (KOHA)
Koha item type Book

No items available.